Progressive access: unique solutions for historic buildings (Record no. 74606)

MARC details
000 -LEADER
fixed length control field 01831cab a2200241 4500
001 - CONTROL NUMBER
control field ABS68416
008 - FIXED-LENGTH DATA ELEMENTS--GENERAL INFORMATION
fixed length control field 041118n2004 000 0 eng u
035 ## - SYSTEM CONTROL NUMBER
System control number (Sirsi) u128036
100 ## - MAIN ENTRY--PERSONAL NAME
Personal name Foster, L.
245 ## - TITLE STATEMENT
Title Progressive access: unique solutions for historic buildings
260 ## - PUBLICATION, DISTRIBUTION, ETC.
Date of publication, distribution, etc. 2004
490 ## - SERIES STATEMENT
Series statement Journal of Architectural Conservation
Volume/sequential designation 3(10) November 2004, 73-86(14)
520 ## - SUMMARY, ETC.
Summary, etc. Discusses the range and types of solutions which can be used to comply with the Disability Discrimination Act 1995 in respect of historic buildings. Reflects on the inherent opportunities and limitations of each building or site and illustrates that there is no single statutory right answer. Concludes the flexibility needed is reflected in the newly revised Building Regulations Approved Document M, which provides for access statements to be submitted in the planning context. This will enable building owners to explain their preferred approach to disabled access and why it may vary from the standard guidance. The access planning process is outlined in the revised English Heritage guidance note "Easy access to historic buildings", published in July 2004. View report at www.english-heritage.org.uk. (Taken from article abstract).
590 ## - LOCAL NOTE (RLIN)
Local note ABS
650 ## - SUBJECT ADDED ENTRY--TOPICAL TERM
Topical term or geographic name entry element HISTORIC BUILDINGS
650 ## - SUBJECT ADDED ENTRY--TOPICAL TERM
Topical term or geographic name entry element MANAGEMENT-BUSINESS MANAGEMENT-DISCRIMINATION-DISABILITY DISCRIMINATION-ACCESSIBILITY
650 ## - SUBJECT ADDED ENTRY--TOPICAL TERM
Topical term or geographic name entry element DISABILITY DISCRIMINATION ACT 1995
650 ## - SUBJECT ADDED ENTRY--TOPICAL TERM
Topical term or geographic name entry element BUILDING REGULATIONS 2000 APPROVED DOCUMENT M (2004 EDITION)
650 ## - SUBJECT ADDED ENTRY--TOPICAL TERM
Topical term or geographic name entry element ACCESS PLANNING
690 ## - LOCAL SUBJECT ADDED ENTRY--TOPICAL TERM (OCLC, RLIN)
Topical term or geographic name as entry element BUILT ENVIRONMENT-BUILDING MAINTENANCE AND REFURBISHMENT-BUILDING CONSERVATION
856 ## - ELECTRONIC LOCATION AND ACCESS
Uniform Resource Identifier <a href="https://www.english-heritage.org.uk/content/publications/docs/eheasyaccess2004.pdf">https://www.english-heritage.org.uk/content/publications/docs/eheasyaccess2004.pdf</a>
Public note View "Easy access to historic buildings" on the English Heritage website...
942 ## - ADDED ENTRY ELEMENTS (KOHA)
Suppress in OPAC 0
Holdings
Withdrawn status Lost status Source of classification or shelving scheme Damaged status Not for loan Home library Current library Shelving location Date acquired Total Checkouts Full call number Barcode Date last seen Copy number Price effective from Koha item type
    Dewey Decimal Classification     London London Journal article 18/11/2004   ABS68416 128036-1001 06/08/2019 1 06/08/2019 Journal article